Sudden Death: Highest Population Growth - Statistics

General Stats
  • This quiz has been taken 112 times
  • The average score is 2 of 16
Answers on the Grid
Answers color-coded by a green-red scale on the quiz's grid according to % correct below.
Afghanistan
Angola
Benin
Burkina Faso
Burundi
Cameroon
Chad
D. R. Congo
Equatorial Guinea
Ethiopia
Gabon
Guinea
Guinea-Bissau
Liberia
Malawi
Mali
Mozambique
Niger
Nigeria
Papua New Guinea
R. Congo
Senegal
Sierra Leone
Somalia
South Sudan
Sudan
Tanzania
Togo
Uganda
Ukraine
Venezuela
Zambia
 
Answer Stats
Answer % Correct
D. R. Congo
49%
Angola
35%
Chad
24%
Niger
20%
Benin
16%
Burundi
16%
Cameroon
10%
Tanzania
10%
Uganda
10%
Mali
8%
South Sudan
8%
Sudan
8%
Guinea
6%
Somalia
4%
Equatorial Guinea
2%
Zambia
2%
No matching quizzes found
Score Distribution
Percent of People with Each Score
Percentile by Number Answered
Your Score History
You have not taken this quiz